| Tag |
First Indicator |
Second Indicator |
Subfields |
| LEADER |
00000cam a2200000 a 4500 |
| 001 |
in00000930421 |
| 005 |
20150925103225.0 |
| 008 |
900409s1990 cou b 10110 eng |
| 010 |
|
|
|a 90036326
|
| 020 |
|
|
|a 1555872174 (alk. paper) :
|c $25.00 (est.)
|
| 035 |
|
|
|a (OCoLC)21442102
|
| 035 |
|
|
|9 AER8464AM
|
| 040 |
|
|
|a DLC
|c DLC
|d TXA
|d UtOrBLW
|
| 043 |
|
|
|a cl-----
|a n-us---
|
| 049 |
|
|
|a TXAM
|c [A13168026]
|
| 050 |
0 |
0 |
|a F1418
|b .A543 1990
|
| 082 |
0 |
0 |
|a 327.7308
|2 20
|
| 245 |
0 |
0 |
|a Alternative to intervention :
|b a new U.S.-Latin American security relationship /
|c edited by Richard J. Bloomfield, Gregory F. Treverton.
|
| 264 |
|
1 |
|a Boulder :
|b Lynne Rienner Publishers,
|c 1990.
|
| 300 |
|
|
|a vii, 159 pages ;
|c 24 cm.
|
| 336 |
|
|
|a text
|b txt
|2 rdacontent
|
| 337 |
|
|
|a unmediated
|b n
|2 rdamedia
|
| 338 |
|
|
|a volume
|b nc
|2 rdacarrier
|
| 490 |
1 |
|
|a A World Peace Foundation study
|
| 500 |
|
|
|a Papers from four several-day meetings in the United States and Latin America organized by the World Peace Foundation.
|
| 504 |
|
|
|a Includes bibliographical references (pages 149-150) and index.
|
| 651 |
|
0 |
|a United States
|x Foreign relations
|z Latin America
|x Congresses.
|
| 651 |
|
0 |
|a Latin America
|x Foreign relations
|z United States
|x Congresses.
|
| 651 |
|
0 |
|a Latin America
|x Politics and government
|y 1948-1980
|x Congresses.
|
| 650 |
|
0 |
|a National security
|z United States
|v Congresses.
|
| 650 |
|
0 |
|a National security
|z Latin America
|x Congresses.
|
| 651 |
|
0 |
|a United States
|x Military policy
|v Congresses.
|
| 700 |
1 |
|
|a Bloomfield, Richard J.
|
| 700 |
1 |
|
|a Treverton, Gregory F.
|
| 710 |
2 |
|
|a World Peace Foundation.
|
| 830 |
|
0 |
|a World Peace Foundation study.
|
| 999 |
|
|
|a MARS
|
| 999 |
f |
f |
|s 96931ad3-d3c1-39fc-abda-017a3607da86
|i c7e25975-f213-3f4a-9e2f-188a45c477ae
|t 0
|
| 952 |
f |
f |
|p ric
|a Texas A&M University
|b Rellis Campus
|c Joint Library Facility
|d Remote Storage
|t 0
|e F1418 .A543 1990
|h Library of Congress classification
|i unmediated -- volume
|m A14813168026
|
| 998 |
f |
f |
|a F1418 .A543 1990
|t 0
|l Remote Storage
|